| 000 | 00795nam a2200253Ia 4500 | ||
|---|---|---|---|
| 005 | 20250425161823.0 | ||
| 008 | 250425s9999 xx 000 0 und d | ||
| 041 | _aspa | ||
| 043 | _aec | ||
| 082 | _a333.7 | ||
| 100 | _aFEDERACION NACIONAL DE CAMARAS, DE INDUSTRIAS DEL ECUADOR | ||
| 245 | 0 | _aGESTION AMBIENTAL EN LA INDUSTRIA: SISTEMATIZACION DE TALLERES | |
| 250 | _a1A ED. | ||
| 260 |
_aEcuador _bS.E. _c1998 |
||
| 260 | _aQUITO | ||
| 300 | _a100 | ||
| 500 | _aProyecto Competividad y Medio Ambiente con el auspicio de la cooperaciònde la Embajada de los Paìses bajos | ||
| 650 | _aGESTION AMBIENTAL | ||
| 650 | _aINDUSTRIA ECUATORIANA | ||
| 650 | _aPROYECTO DE GESTION | ||
| 710 | _aFEDERACION NACIONAL DE CAMARAS DE INDUSTRIA DEL EC | ||
| 942 | _c01 | ||
| 010 | _a30998 | ||
| 999 |
_c216764 _d216764 |
||